|
|
|
|
| LEADER |
00000nam a22000007a 4500 |
| 003 |
cru CIDCACS/IIS |
| 005 |
20191205101243.0 |
| 007 |
ta |
| 008 |
191205r2015 cr |||p|r|||| 00| 0 spa d |
| 999 |
|
|
|c 42712
|d 42712
|
| 040 |
|
|
|c cru CIDCACS/IIS
|
| 110 |
2 |
|
|9 5651
|a Instituto Nacional de Estadística y Censos, INEC (Costa Rica)
|
| 245 |
1 |
|
|a Encuesta Nacional de Hogares julio 2015:
|b resultados generales /
|c INEC
|
| 260 |
|
|
|a San José, Costa Rica:
|b INEC,
|c octubre 2015
|
| 300 |
|
|
|a 135 páginas:
|b tablas, gráficos
|
| 651 |
1 |
0 |
|9 32
|a COSTA RICA
|
| 942 |
|
|
|2 ddc
|c PP
|
| 773 |
0 |
|
|0 40460
|9 2923
|a Instituto Nacional de Estadística y Censos, INEC (Costa Rica)
|d Costa Rica: INEC,
|o 19288
|t Encuesta Nacional de Hogares:
|x 22153381
|